00511 2200193 4500001002100000005001700021008004100038035002400079082001300103090002300116100001900139245003600158260002900194300001800223650004000241850001500281985000600296999001500302YOGYA-0209000002907020090227024305.0 ind  0010-020900000029070 a394.2604 a394.2604bHat SlT aHATTA, Mohamad aSesudah 25 tahuncMohamad Hatta aJakartabDjambatanc1970 a29 hlmc21 cm aPidato - Hari Kemerdekaan Indonesia aYOPDYOG(B) a1 ab000010645